| 000 | 02068cam a22004937i 4500 | ||
|---|---|---|---|
| 001 | on1341438424 | ||
| 003 | OCoLC | ||
| 005 | 20230921165611.0 | ||
| 008 | 220821t20232023nyua 000 0 eng d | ||
| 020 |
_a9780063158962 _q(paperback) |
||
| 020 |
_a0063158965 _q(paperback) |
||
| 035 | _a(OCoLC)1341438424 | ||
| 040 |
_aYDX _beng _cYDX _dBDX _dGZD _dUOK _erda |
||
| 049 | _aUOKA | ||
| 092 |
_achildren graphic _bFoxe |
||
| 100 | 1 |
_aFoxe, Steve _eauthor. |
|
| 245 | 1 | 0 |
_aLuck of the claw / _cSteve Foxe ; Jason Fruchter. |
| 246 | 3 |
_aBaby Shark. _pLuck of the claw |
|
| 246 | 3 |
_aPinkfong Baby Shark. _pLuck of the claw |
|
| 264 | 1 |
_aNew York, NY : _bHarperAlley is an imprint of HarperCollins Publishers, _c[2023] |
|
| 264 | 4 | _c�2023 | |
| 300 |
_a31 pages : _bcolor illustrations ; _c23 cm |
||
| 336 | _atext | ||
| 336 | _astill image | ||
| 337 | _aunmediated | ||
| 338 | _avolume | ||
| 490 | 1 | _aI can read! comics. Level 1 | |
| 520 | _a"Based on the all-new Nickelodeon series and featuring a bold new comic style and easy-to-read text, this Level One I Can Read Comic is perfect for sharing with the Baby Shark fan in your life! Baby Shark and his best fish friend William must put their skills to the test when they play their favorite claw game!"-- | ||
| 521 | 1 | _a4-8 years. | |
| 521 | 2 | _aPreschool-3. | |
| 650 | 0 |
_aSharks _vComic books, strips, etc. _95784958 |
|
| 650 | 0 |
_aMarine animals _vComic books, strips, etc. _96383472 |
|
| 650 | 0 |
_aVideo arcades _vComic books, strips, etc. _96473916 |
|
| 650 | 0 |
_aSharks _vJuvenile fiction. _95679222 |
|
| 650 | 0 |
_aMarine animals _vJuvenile fiction _95679224 |
|
| 650 | 0 |
_aVideo arcades _vJuvenile fiction. _96473917 |
|
| 650 | 1 | _aCartoons and comics | |
| 655 | 7 |
_aReaders (Publications) _2lcgft _95726093 |
|
| 700 | 1 |
_aFruchter, Jason _eillustrator. _977443 |
|
| 710 | 2 |
_aPinkfong _ecreator. _96401066 |
|
| 730 | 0 | 2 |
_aBaby Shark's big show! (Television program) _96459628 |
| 830 | 0 |
_aI can read comics! _96425455 |
|
| 942 |
_2ddc _cBOOK |
||
| 999 |
_c388093 _d388093 |
||